000 00978na a2200301 4500
001 21078
003 MIRAKIL
005 20181213155208.0
008 170131b tu 000 0
035 _a21078
040 _aMilas
_btur
_cTR-AnCHP
041 _atur
082 _aCHP 324.2182
_bC36i 2004
090 _aBROŞÜR 285
245 _aİşte AKP'nin "hızlandırılmış kara tren"i
_b38 ölü, 80 yararlı... trilyonlarca zarar...
_cCHP
246 _aİşte AKP'nin hızlandırılmış kara treni
260 _aAnkara
_bCHP
_c2004
300 _aktl. broşür
_brnkl. fotg.
_c21 sm.
440 _aCumhuriyet Halk Partisi yayınları
_pBroşürler
610 _aAKP
_xDemiryolu politikası
_yEleştiriler
610 _aCHP
_xİktidar eleştirisi
_yDemiryolu politikası
650 _aTren kazaları
_zTürkiye
650 _aDemiryolu kazaları
_zTürkiye
657 _aAKP eleştirisi
830 _aCHP broşürleri
942 _2dcc
_cBKS
999 _c8351
_d8351